| 000 | 00531nam a22001577a 4500 | ||
|---|---|---|---|
| 008 | 150611b xxu||||| |||| 00| 0 eng d | ||
| 040 | 0 | _aeng | |
| 080 | _a45 | ||
| 245 | 0 | 0 |
_aThe Vatican and Christian Rome / _c[by Alfons Stickler ... et al.]. |
| 260 |
_aVatican City : _bLibreria editrice vaticana, _cc1975. |
||
| 300 |
_a398 f. : _bme il. : _c32 cm. |
||
| 650 | 0 |
_aArt & Architecture _zItaly _zRome |
|
| 650 | 0 |
_aArt dhe Arkitekturë _zItali _zRomë |
|
| 700 | 1 | 1 |
_aStickler, Alphonso M. _d1910-2007. _q(Alphonso Maria), |
| 942 |
_2udc _cBK |
||
| 999 |
_c1037 _d1037 |
||